Normal view MARC view
  • MEHTA, MANJU

Entry Personal Name

Number of records used in: 1

001 - CONTROL NUMBER

  • control field: 8122

003 - CONTROL NUMBER IDENTIFIER

  • control field: JRU

005 - DATE AND TIME OF LATEST TRANSACTION

  • control field: 20230821112951.0

008 - FIXED-LENGTH DATA ELEMENTS

  • fixed length control field: 230821|| aca||aabn | a|a d

040 ## - CATALOGING SOURCE

  • Original cataloging agency: JRU
  • Transcribing agency: JRU

100 ## - HEADING--PERSONAL NAME

  • Personal name: MEHTA, MANJU

670 ## - SOURCE DATA FOUND

  • Source citation: Work cat.: (JRU)8394: MEHTA, MANJU, BEHAVIOURAL SCIENCE IN MEDICAL PRACTICE, 2009